000 00380nam a2200133Ia 4500
008 231129s1995||||xx |||||||||||||| ||spa||
020 _a958-95799-0-6
082 _aER- 339
100 _aHenao Betancur Luis Jairo. Compilador.
245 0 _aMemorias de un encuentro
260 _c1995
264 _aPereira: Papiro 1995
942 _2ddc
_cBKS
999 _c20950
_d20950